000 01007nam a2200301 a 4500
001 75515
003 BD-RjUL
005 20211209082713.0
008 190418s1972 nyua b 001 0 eng
020 _a0070353328
035 _a(BD-RjUL)
040 _aDLC
_cDLC
_dDLC
_dBD-RjUL
_beng
041 _aeng
082 0 0 _223
_a658
_bKOP 1972
100 1 _aKoontz, Harold,
_d1908-
_9230856
245 1 0 _aPrinciples of management:
_ban analysis of managerial functions /
_c[by] Harold Koontz [and] Cyril O'Donnell.
250 _a5th ed.
260 _aNew York :
_bMcGraw-Hill ,
_c1972
300 _ax, 748 p. :
_billus. ;
_c25 cm.
490 0 _aMcGraw-Hill series in management
500 _aSixth ed. published under title: Management: a systems and contingency analysis of managerial functions.
504 _aBibliography: p. 712-724.
650 0 _aIndustrial management.
_9230857
700 1 _aO'Donnell, Cyril,
_d1900-
_9230858
942 _2ddc
_cBK
999 _c75515
_d75515